000 00247nam a2200109Ia 4500
008 190216s9999||||xx |||||||||||||| ||und||
100 _aLakshminarasimhan J
245 0 _aElements Of Commerce
260 _bNull
_c1954
300 _a270p
942 _cBK
999 _c3883
_d3883